| Tag |
First Indicator |
Second Indicator |
Subfields |
| LEADER |
00000cam a22000008a 4500 |
| 001 |
in00004454313 |
| 005 |
20211130151213.0 |
| 008 |
881221s1989 enka b 00100 eng d |
| 010 |
|
|
|a gb 89018685
|
| 015 |
|
|
|a GB89-18685
|
| 020 |
|
|
|a 0723415846 :
|c No price
|
| 035 |
|
|
|a (OCoLC)19067562
|
| 035 |
|
|
|z (UtOrBLW)3017
|
| 035 |
|
|
|a 4565
|
| 040 |
|
|
|a UKM
|c UKM
|d TMV
|d UtOrBLW
|
| 049 |
|
|
|a TMVM
|
| 060 |
|
4 |
|a WR 17
|b C719 1989
|
| 245 |
0 |
2 |
|a A colour atlas of dermato-immuno histocytology /
|c edited by Hiroaki Ueki, Hideo Yaoita ; in collaboration with Shojiro Nakagawa, Yasuo Kitajima.
|
| 246 |
3 |
|
|a Color atlas of dermato-immuno histocytology
|
| 250 |
|
|
|a Revised edition.
|
| 264 |
|
1 |
|a London, England :
|b Wolfe Medical,
|c 1989.
|
| 300 |
|
|
|a xiii, 162 pages :
|b illustrations (some color) ;
|c 30 cm.
|
| 336 |
|
|
|a text
|2 rdacontent
|b txt
|
| 337 |
|
|
|a unmediated
|2 rdamedia
|
| 338 |
|
|
|a volume
|2 rdacarrier
|b nc
|
| 500 |
|
|
|a Spine title: Dermato-immunohistocytology.
|
| 504 |
|
|
|a Includes bibliographical references and index.
|
| 650 |
|
2 |
|a Skin Diseases
|x pathology.
|
| 650 |
|
2 |
|a Fluorescent Antibody Technique.
|
| 655 |
|
2 |
|a Atlas.
|
| 700 |
1 |
|
|a Hiroaki, Ueki.
|
| 700 |
1 |
|
|a Yaoita, Hideo.
|
| 740 |
0 |
|
|a Dermato-immunohistocytology.
|
| 999 |
|
|
|a MARS
|
| 999 |
f |
f |
|s 2ddc85e5-aa95-321b-9a53-3d9e85e0d901
|i 24192baa-1f1e-38a7-b32f-c709f4b6a45d
|t 0
|
| 952 |
f |
f |
|p ric
|a Texas A&M University
|b Rellis Campus
|c Joint Library Facility
|d Remote Storage
|t 0
|e WR 17 C719 1989
|h National Library of Medicine classification
|i unmediated -- volume
|m 323890089353A
|
| 998 |
f |
f |
|a WR 17 C719 1989
|t 0
|l Remote Storage
|